Musical by Clip Quiz Stats

 Plays Quiz Updated Aug 11, 2016

Challenge
Share
Tweet
Score 0/51 Timer 13:00
2 Plays Today
Clip Musical % Correct
0:51 - 1:00Annie
94.4%
0:31 - 0:40Chicago
90.6%
3:11 - 3:20The Sound of Music
85.5%
2:51 - 3:00The Lion King
84%
7:01 - 7:10West Side Story
75.8%
3:01 - 3:10Wicked
74.6%
5:01 - 5:10Hairspray
73.3%
8:01 - 8:10The Phantom of the Opera
73.3%
7:31 - 7:40Beauty and the Beast
70.9%
0:11 - 0:20Rent
68.4%
1:11 - 1:20Les Misérables
67.3%
4:31 - 4:40My Fair Lady
63.4%
0:01 - 0:10A Chorus Line
62.4%
3:51 - 4:00Peter Pan
61.8%
5:11 - 5:20The Music Man
61.5%
1:31 - 1:40The King and I
60.6%
4:51 - 5:00Oliver!
60.2%
2:31 - 2:40Cabaret
58.1%
6:41 - 6:50Guys and Dolls
53.5%
5:51 - 6:00Cats
51.6%
7:11 - 7:20The Producers
51.2%
7:51 - 8:00Avenue Q
48.5%
6:01 - 6:10Annie Get Your Gun
48.3%
8:21 - 8:30Fiddler on the Roof
46.2%
6:21 - 6:30Sweeney Todd: The Demon Barber of Fleet Street
45.4%
4:11 - 4:20Oklahoma
42.2%
Clip Musical % Correct
3:41 - 3:50Gypsy
42.1%
2:01 - 2:10Footloose
38.6%
1:21 - 1:30Jesus Christ Superstar
38%
3:31 - 3:40Spring Awakening
37.5%
4:21 - 4:30Into the Woods
33.8%
0:41 - 0:50Little Shop of Horrors
33.7%
3:21 - 3:30You're a Good Man, Charlie Brown
31.1%
1:01 - 1:10A Funny Thing Happened on the Way to the Forum
30.3%
6:11 - 6:20Hair
28.3%
4:01 - 4:10Pippin
25.6%
8:11 - 8:20Bye, Bye Birdie
24.5%
2:11 - 2:20Singin' in the Rain
23.7%
7:41 - 7:50Aida
23%
6:51 - 7:00Carousel
21.7%
4:41 - 4:50Next to Normal
21.5%
2:41 - 2:501776
20.6%
7:21 - 7:30Once Upon a Mattress
19.2%
5:31 - 5:40Seussical: The Musical
17.8%
2:21 - 2:30Ragtime
17.5%
5:41 - 5:50Godspell
16.8%
1:51 - 2:00Thoroughly Modern Millie
16.7%
1:41 - 1:50Assassins
12.1%
6:31 - 6:40Jekyll & Hyde
10.2%
0:21 - 0:30Chess
9%
5:21 - 5:30Bat Boy
6%

You're not logged in!

Compare scores with friends on all Sporcle quizzes.
OR
Log In

You Might Also Like...

Show Comments

Extras

Top Quizzes Today


Score Distribution

Your Account Isn't Verified!

In order to create a playlist on Sporcle, you need to verify the email address you used during registration. Go to your Sporcle Settings to finish the process.

Report this User

Report this user for behavior that violates our Community Guidelines.

Details: